Представление документа в формате RUSMARC

ПолеНазваниеЗначение
  Тип записи a
  Библиографический уровень a
001 Контрольный номер RU/CBS_UL/BASE/c3ffd24a685440f195e909962007e8d3
005 Дата корректировки 20260312152606.5
100 Данные общей обработки __
a Данные общей обработки 20260312 ||| 0rusy0189 ca
101 Язык документа 0_
a Язык текста rus
102 Страна публикации __
a Страна публикации RU
200 Заглавие и сведения об ответственности 1_
a Заглавие Буча
e Сведения, относящиеся к заглавию [стихотворение]
f Первые сведения об ответственности И. Таранов
300 Общие примечания __
a Общие примечания 12+
461 Уровень набора _0
1 2000
a Симбирскъ
463 Уровень физической единицы _0
1 2000
a № 1
v С. 8
1 2101
d 2025
1 001RU/CBS_UL/BASE/a869f8c1aa874a9da50456616350aaad
606 Тематические рубрики 0_
a Основная рубрика Российская литература, 21 в. - Ульяновские писатели и поэты
610 Ключевые слова 0_
a Ключевые слова российская литература; современная литература; современная поэзия; поэзия; стихи; стихи про сво; стихи об СВО
686 Индексы других классификаций __
a Классификационный индекс 84(2Рос=Рус)6
700 Автор _1
a Фамилия Таранов
b Имя (инициалы) И.
801 Источник записи _0
a Страна RU
b Организация МБУК ЦБС г. Ульяновска
c Дата составления 20260312
g Правила каталогизации RCR
801 Источник записи _1
a Страна RU
b Организация МБУК ЦБС г. Ульяновска
c Дата составления 20260312
g Правила каталогизации RCR
901 Тип документа __
t Тип документа b
w Контрольный № источника RU/CBS_UL/BASE/a869f8c1aa874a9da50456616350aaad
909 Создатель записи __
a Создатель записи mbo